LEADER 01067nam0-22003371i-450- 001 990006257750403321 005 20150216145900.0 035 $a000625775 035 $aFED01000625775 035 $a(Aleph)000625775FED01 035 $a000625775 100 $a20000112d1973----km-y0itay50------ba 101 0 $aita 105 $ay-------001yy 200 1 $aImparzialitą e indirizzo politico nella pubblica amministrazione$fAugusto Cerri. 210 $aPadova$cCedam$d1973 215 $aXII, 267 p.$d24 cm 225 1 $a"Universitą degli Studi di Roma. Facoltą di Giurisprudenza. Pubblicazioni dell'Istituto di Diritto Pubblico. Serie Terza$v5 676 $a320.6 700 1$aCerri,$bAugusto$0133042 801 0$aIT$bUNINA$gRICA$2UNIMARC 901 $aBK 912 $a990006257750403321 952 $aDP XXIII-66$b2780$fDEC 952 $aUNIV. 405 (5)$b97076$fFGBC 952 $aVI B 4$b1429$fDDA 959 $aDEC 959 $aFGBC 959 $aDDA 996 $aImparzialitą e indirizzo politico nella pubblica amministrazione$9638123 997 $aUNINA LEADER 01074cam0-22003491i-450- 001 990007122150403321 005 20131009131044.0 010 $a88-14-09362-8 035 $a000712215 035 $aFED01000712215 035 $a(Aleph)000712215FED01 035 $a000712215 100 $a20020930d2002----km-y0itay50------ba 101 0 $aita 102 $aIT 105 $ay-------001yy 200 1 $a<>opposizioni esecutive$eopposizioni all'esecuzione, opposizioni agli atti esecutivi, sospensione dell'esecuzione, estinzione dell'esecuzione$fFrancesco Vigorito 210 $aMilano$cGiuffre'$d2002 215 $aXLVIII, 670 p.$d24 cm 225 1 $aItinerari nel processo civile$eguide 610 0 $aOpposizione all'esecuzione 676 $a347.45077$v21$zita 676 $a347$v20$zit 700 1$aVigorito,$bFrancesco$0262300 801 0$aIT$bUNINA$gRICA$2UNIMARC 901 $aBK 912 $a990007122150403321 952 $aDD-97$fDDRC 952 $aCN-I-4bis$fDDRC$b15917 959 $aDDRC 996 $aOpposizioni esecutive$9702747 997 $aUNINA